000 00314nam a22001337a 4500
008 181102b xxu||||| |||| 00| 0 eng d
020 _a9780323091510
041 _aeng
080 _25th
_a610.73
100 _a2
101 _aINF
245 _aHealth Assessment for Nursing Practice
_cWilson,S
942 _2udc
_cBK
999 _c51585
_d51585